00898nam a2200253 a 450000100060000000300080000600500170001400800410003103500190007204000350009104100080012608200250013410000290015924500730018825000120026126000610027330000290033450000200036360000490038365000530043294200120048599900170049795201300051464214BD-RJUL20211209081301.0170212s1968 enka b 001 0 eng d a(BD-RJUL)64344 aBD-RJULcBD-RJULdBD-RJULbeng aeng 223a928.2bDOV 1968.1 aDoughty, Oswald.919069412aA Victorian romantic :bDante Gabriel Rossetti /cby Oswald Doughty. a2nd ed. aLondon :bOxford University Press,c1960 [Reprinted1968] a712 p. :bill. ;c22 cm. aIncludes Index.10aRossetti, Dante Gabriel,d1828-1882.9190881 0aPoets, Englishy19th centuryvBiography.9190696 2ddccBK c64214d64214 00102ddc40718FICaRUCLbRUCLcReadingd1975-05-03eN/Ag0.00l0o928.2 DOV 1968r2017-02-12 00:00:00tC-1w2021-12-09yBK